|
|
|
|
| LEADER |
00625cam a2200205 7i4500 |
| 001 |
0000039972 |
| 005 |
20151104090000.0 |
| 005 |
##20151104151100.0 |
| 002 |
##000000062 |
| 003 |
##MY-KlINT |
| 008 |
151104 00010 eng |
| 039 |
# |
9 |
|y 201511041511
|z VLOAD
|
| 090 |
0 |
0 |
|a 297.61 ISM
|
| 100 |
1 |
# |
|a ISMAIL Che Daud.
|
| 245 |
0 |
0 |
|a Tokoh-tokoh Ulama' Semenanjung Melayu ( 2 ) :
|b diselenggarakan oleh ISMAIL Che Daud ..
|
| 250 |
# |
# |
|a 1st ed..
|
| 260 |
# |
# |
|a Kota Bharu , Kelantan:
|b Majlis Ugama Islam , Kelantan,
|c 1996 ..
|
| 300 |
# |
# |
|b 420p;
|c 21cm x13cm ..
|
| 650 |
# |
0 |
|a Islamic readers and organization
|
| 650 |
# |
0 |
|a Ulama' - Kelantan
|